1756 1678 1716 1946 1223 1788 1915 1072 1541 1753 1729 1712 1954 1533 1388 1926 1128 1339 1322 1484 1282 1200 1846 1328 1401 1298 1642 1788 1246 1745 1102 1780 1274 1076 1405 1142 1831 1884 1616 1062 1293 1145 1370 1530 1255 1251 1946 1589 1150 1817 1225 1241 1302 1733 1336 1934 1155 1564 1013 1142 1369 1627 1424 1536 1881 1128 1311 1162 1494 1531 1690 1460 1544 1371 1117 1826 1907 1802 1668 1904 1690 1655 1402 1616 1712 1727 1611 1247 1210 1711 1131 1815 1989 1367 1955 1205 1304 1647 1678 BCNSPRNW ULIB Ver.6.0+V

เปลี่ยนเป็นภาษาไทย

Change to English
 แสดงรายละเอียดบรรณานุกรม
  กลับหน้าหลัก

Brief Record : Get Marc (ISO 2709) : E-mail record : QR code < ปิดหน้าต่าง
LEADER : 00000nam 2200000uu 4500
001    13399112121
003     ULIB
008    110727s2547||||th 000 0 tha d
020    9742762295
050 04 HM66^bบ174ส 2547
100 0  บรรเทิง พาพิจิตร
245 10 สังคมวิทยา /^cบรรเทิง พาพิจิตร
250    พิมพ์ครั้งที่ 1
260    กรุงเทพฯ :^bโอเดียนสโตร์,^c2547
300    278 หน้า ;^c24 ซม
505 2  สังคมวิทยา : สังคมคืออะไร ; ทฤษฎีสัญญาสังคม ;วิวัฒนาการของสังคมมนุษย์ ; ชนชั้นทางสังคม ; การแบ่งช่วงชั้นทางสังคม -- กลุ่มทางสังคม : ประเภทของกลุ่มสังคม ; ชนิดของกลุ่มสังคม -- สถาบันสังคม: สถาบันครอบครัว ; ลักษณะของครอบครัวไทย -- สถาบันครอบครัวและการสมรส : ความหมายของคำว่า "ครอบครัว" ; การจำแนกหน้าที่ของครอบครัว ; ข้อบกพร่องร่วมกันของระบบครอบครัว ; ปัญหาความไม่เป็นระเบียบในครอบครัว -- สถาบันการศึกษา : หน้าที่ของสถาบันการศึกษา ; หัวใจของสำหรับนักศึกษา 4 ประการ ; ลักษณะครูดี 7 ประการ ; ลักษณะครูอาจารย์ที่ดี 25 ประการ -- สถาบันการเมืองและการปกครอง : หน้าที่ของสถาบันการเมืองและการปกครอง; รูปแบบของการปกครองหรือรัฐบาล ; คุณสมบัติของผู้นำ -- สถาบันเศรษฐกิจและอุตสาหกรรม : ปัจจัยในการผลิต ; หน้าที่ของสถาบันทางเศรษฐกิจ -- สถาบันศาสนา : องค์ประกอบของศาสนา ;มูลเหตุการเกิดศาสนา ; บทบาทของศาสนาต่อสังคม -- สถาบันวัฒนธรรม : ความหมายของคำว่า "วัฒนธรรม" ; ความสัมพนธ์ระหว่างวัฒนธรรมกับอารยธรรม ; ลักษณะนิสัยทางวัฒนธรรมของชาติไทย -- สถาบันวิทยาศาสตร์และเทคโนโลยี :อิทธิพลของวิทยาศาสตร์และเทคโนโลยี ; ประโยชน์ของวิทยาศาสตร์และเทคโนโลยี -- การเปลี่ยนแปลงทางสังคม : ปัจจัยของการเปลี่ยนแปลงทางสังคม ; สาเหตุของการเปลียนแปลงทางสังคม ;รูปแบบของการเปลี่ยนแปลงทางสังคม ; ผลของการเปลี่ยนแปลงทางสังคม ; ทฤษฎีการเปลี่ยนแปลงทางสังคม ; แนวโน้มกระบวนการเปลี่ยนแปลงทางสังคมที่สำคัญในปัจจุบัน -- การควบคุมสังคม ; ยุทธวิธีของการควบคุมสังคม ; ความหมายของบรรทัดฐาน ; ความสำคัญของบรรทัดฐาน ; ประเภทของบรรทัดฐาน -- สถาบันนันทนาการ: ประเภทของนันทนาการ ; กิจกรรมทางนันทนาการ ; ประโยชน์ของนันทนาการ -- ปัญหาสังคมไทย : ปัญหาครอบครัว ; ปัญหาการว่างงาน ; ปัญหามลพิษ -- ศาสนากับการแก้ปัญหาสังคม
650  7 สังคมวิทยา
650  7 สถาบันสังคม
945    ^p180^l0^i022435
945    ^p180^l0^i022436
945    ^p180^l0^i022437
995    ทศพร
999 ^a ทศพร
รายการนี้ยังไม่มีแท็ก
คุณยังไม่ได้ล็อกอิน คุณสามารถมีกิจกรรมร่วมกับเว็บไซต์ได้ แต่ต้องล็อกอินก่อน ::
  ล็อกอิน

รายการสื่อสารสนเทศ

ลำดับที่ ประเภท เลขเรียก/บาร์โค้ด สถานที่ สถานะ
- ไม่พบข้อมูล -

รายการใกล้เคียง
    ผู้แต่ง [บรรเทิง พาพิจิตร]

    หัวเรื่อง [สังคมวิทยา]
    หัวเรื่อง [สถาบันสังคม]

BibComment


ยังไม่เคยถูกคอมเมนท์

คอมเมนท์ทรัพยากรรายการนี้
  คอมเมนท์: สังคมวิทยา บรรเท..


 Copyright 2026. Bcnsprnw @Library